Normal view MARC view
  • Management

Entry Topical Term

Number of records used in: 1

001 - CONTROL NUMBER

  • control field: 20696

003 - CONTROL NUMBER IDENTIFIER

  • control field: NUST

005 - DATE AND TIME OF LATEST TRANSACTION

  • control field: 20190915113901.0

008 - FIXED-LENGTH DATA ELEMENTS

  • fixed length control field: 190915|| aca||aabn | a|a d

040 ## - CATALOGING SOURCE

  • Original cataloging agency: NUST
  • Transcribing agency: NUST

150 ## - HEADING--TOPICAL TERM

  • Topical term or geographic name entry element: Management

670 ## - SOURCE DATA FOUND

  • Source citation: Work cat.: (NUST): Certo S. Trevis 20695, Modern Management: Concepts and Skills / Certo S. Trevis, 2012
© 2023 Central Library, National University of Sciences and Technology. All Rights Reserved.